00728nam a2200253 a 4500001001300000003000900013005001700022008004100039020001000080082001300090100001900103245004800122260002700170300000900197500003500206505002400241650001400265650002000279700001900299902000800318942000700326952012600333999001500459nice12345678IN_TiNIC20260116013035.0050524s1993 dela grp 000 0 eng  ac20000a301bDHA aDhangared, D N aThemes and Perspectives in Indian Sociology aDelhibRawat Pubc1993 a209p aincludes index and biblioraphy2 aBibliography, Index aSociology aIndia-Sociology1 aDhangared, D N bSRS cBK 001040708StackRoom-aHMIbHMId2007-03-19g200.00l1o301 DHAp014909r2025-01-16s2024-11-12v200.00w2005-05-24yBK c9393d9393